000 00440nam a2200181Ia 4500
008 230512s9999 xx 000 0 und d
041 _aeng
082 _a4.62
100 _aWRIGHT G/ STEVENS W
245 _aTCP/IP ILLUSTRATED VOL II- THE IMPLEMENTATION
250 _a1
260 _bPEARSON EDUCATION PVT. LTD. DELHI110092
300 _a1174
365 _b472
500 _aPaper Back
520 _aGeneral
650 _aComputer
999 _c412224
_d412224